000 00690nam a2200241 a 4500
008
020 _a0073404152 (pbk.)
049 _aMAIN
090 _aHM586
_bMCI
100 1 _aMcIntyre, Lisa J.
245 1 4 _aThe practical skeptic :
_bcore concepts in sociology /
_cLisa J. McIntyre.
260 _aBoston :
_bMcGraw-Hill,
_c2008.
300 _a4th ed.
300 _axvii, 279 p. :
_bill. ;
_c24cm.
500 _aIncludes index.
504 _aIncludes bibliographical references.
650 1 _aSociology.
907 _a.b10291726
_b27-03-15
_c21-02-11
003
005 20230123125133.0
040 _cNUST
942 _cBOOKS
_kHM586
_mMCI
999 _c136350
_d136350